Sports Quiz

Random Sports Quiz

Athletes: Highest Salaries Quiz Stats

 Plays Quiz not verified by Sporcle

Support Sporcle.
Go Orange.
Score 0/30 Timer 18:00
0 Plays Today
Salary Name % Correct
$275,000,000Alex Rodriguez
85.7%
$252,000,000Alex Rodriguez
85.7%
$189,000,000 Derek Jeter
71.4%
$136,400,000 Kobe Bryant
67.1%
$254,000,000Albert Pujols
62.9%
$170,000,000Cristiano Ronaldo
51.4%
$161,000,000 CC Sabathia
51.4%
$214,000,000Prince Fielder
48.6%
$148,800,000 Lionel Messi
45.7%
$126,558,000Jermaine O'Neal
45.7%
$132,000,000 Calvin Johnson
44.3%
$125,000,000Ryan Howard
41.4%
$180,000,000Mark Teixeira
37.1%
$160,000,000 Manny Ramirez
37.1%
$184,000,000 Joe Mauer
30%
Salary Name % Correct
$154,000,000 Adrian Gonzalez
30%
$126,000,000 Kevin Garnett
30%
$152,300,000 Miguel Cabrera
28.6%
$142,000,000 Carl Crawford
24.3%
$126,000,000Rashard Lewis
24.3%
$137,500,000 Johan Santana
21.4%
$126,000,000Jayson Werth
20%
$136,000,000 Alfonso Soriano
18.6%
$126,000,000Vernon Wells
18.6%
$126,000,000 Barry Zito
18.6%
$157,750,000 Troy Tulowitzki
15.7%
$124,000,000 Michael Schumacher
14.3%
$151,500,000Todd Helton
12.9%
$130,000,000Michael Vick
12.9%
$153,000,000Kimi Raikkonen
2.9%

You're not logged in!

Compare scores with friends on all Sporcle quizzes.
OR
Log In

From the Vault

Larger Than Canada

by QuizFox

We hope Canada doesn't feel too threatened.
Remove Ads.
Support Sporcle.
Get the best of Sporcle when you Go Orange. This ad-free experience offers more features, more stats, and more fun while also helping to support Sporcle. Thank you for becoming a member.

Show Comments

Extras

Created Mar 21, 2012ReportNominate
Tags:Money, rich, Salary

Top Quizzes Today


Score Distribution

Your Account Isn't Verified!

In order to create a playlist on Sporcle, you need to verify the email address you used during registration. Go to your Sporcle Settings to finish the process.

Report this User

Report this user for behavior that violates our Community Guidelines.

Details: